Štúdium predúpravy lignocelulózovej biomasy na zvýšenie jej anaeróbneho rozkladu diplomová práca

Salvato in:
Dettagli Bibliografici
Autore principale: Plaštiak, Andrej
Natura: Libro
Lingua:slovacco
Pubblicazione: Bratislava STU FCHPT 2015
Accesso online:Visualizza in OPAC
Tags: Aggiungi Tag
Nessun Tag, puoi essere il primo ad aggiungerne!!

MARC

LEADER 00000nam a2200000 a 4500
005 20260127134231.0
008 151201 2015 000 0 slo d
035 |a vtls011425447 
039 9 |y 201512011352  |z mschk03 
040 |a STUSCHK1  |b slo  |c STUSCHK1  |e AACR2 
100 1 |a Plaštiak, Andrej 
245 1 |a Štúdium predúpravy lignocelulózovej biomasy na zvýšenie jej anaeróbneho rozkladu  |b diplomová práca  |c Andrej Plaštiak 
260 |a Bratislava  |b STU FCHPT  |c 2015 
300 |a 80 s.  |b il.  |c 25 cm 
500 |a Študijný program: chemické inžinierstvo 
500 |a Študijný odbor: chemické inžinierstvo 
500 |a Školiace pracovisko: Odd. environmentálneho inžinierstva 
500 |a Evid. číslo: FCHPT-5433-43971 
910 |a SCHK95 
999 |c 7409  |d 7409